00601nam a2200181Ia 4500003000400000008004100004040001600045082001700061100002300078245004500101700003900146700005600185300001100241490004800252650003200300650003000332650005700362GCL140319s9999 xx 000 0 ara d aGCL / cGCL04a842bهـ ا1 aهرفيو, برل10aاعرف نفسك / cهرفيو, برل1 aنعمات عبداللة رشدى1 aفؤاد كامل عبدالعزيز (مراجع) a160 ص aروائع المسرح العالمىv004aالمسرح الفرنسى04aالادب الفرنسى04aالمسرحيات الفرنسية المترجمة